Score 0/17 Timer 06:00
1 Play Today
% Correct
Van Buren
Fillmore
Arthur
Cleveland
T. Roosevelt
F. Roosevelt
Eisenhower
Trump
85.5%
L. Johnson
G. Bush
G.W. Bush
82.9%
Hoover
Nixon
Reagan
80%
Lincoln
Grant
Obama
79.7%
Clinton
77.4%
Washington
Jefferson
Madison
Monroe
Tyler
74.3%
Carter
73.3%
J. Adams
J.Q. Adams
Coolidge
Kennedy
69.5%
W.H. Harrison
Hayes
Garfield
McKinley
Taft
Harding
57.8%
% Correct
Truman
56.5%
Ford
52.7%
Wilson
46.1%
Jackson
Polk
A. Johnson
43.9%
Buchanan
42.5%
B. Harrison
26.5%
Pierce
22.9%
Taylor
9.4%
Remove Ads.
Support Sporcle.
Get the best of Sporcle when you Go Orange. This ad-free experience offers more features, more stats, and more fun while also helping to support Sporcle. Thank you for becoming a member.

You're not logged in!

Compare scores with friends on all Sporcle quizzes.
OR
Log In

Sporcle TV

Today on Sporcle TV


Watch our educational content, quiz creation guides, and fun videos on Sporcle TV.

Show Comments

Extras

Top Quizzes Today


Score Distribution

Paid Content

Your Account Isn't Verified!

In order to create a playlist on Sporcle, you need to verify the email address you used during registration. Go to your Sporcle Settings to finish the process.

Report this User

Report this user for behavior that violates our Community Guidelines.

Details: